000 00468nam a22001457a 4500
008 150311b xxu||||| |||| 00| 0 eng d
020 _a9590607861
082 _a306
_bY94r
100 _aYudice, George
_92139
245 _aEl recurso de la cultura: Usos de la Cultura en la era Global
260 _aBarcelona
_bGedisa
_c2006
300 _a485 p
_bill
_c23 cm
650 _xCultural
_xCultural Politics
_xGlobalization
_xConsumo (economia)
_92140
700 _aGeorge Yúdice
_92141
999 _c443
_d443